| 000 | 00720nam a2200193Ia 4500 | ||
|---|---|---|---|
| 008 | 0000001988 sp a 0000000000spa00 | ||
| 090 | _aPSP00 F18a | ||
| 100 | 1 | _aFaure, Alejandrina | |
| 245 | 1 | 0 |
_aAlejadrina _b: naturaleza y paisaje |
| 300 |
_a[24] p. _c/ 21 cm. |
||
| 500 | _aExposición realizada en Aula de Cultura, Alcala de Henares, Febrero 1619, 1988 \ Con el patronazgo del maestro venezolano Jesús Rafael Soto (q.e.p.d.) \ | ||
| 600 | 0 | 0 |
_aFAURE, ALEJANDRINA./ _xTRABAJOS PICTORICOS |
| 650 | 1 | 4 | _aARTE CONTEMPORANEO ESPAÑOL |
| 650 | 1 | 4 | _xCATALOGOS |
| 650 | 1 | 4 | _xEXPOSICIONES |
| 650 | 1 | 4 | _aPINTORES ESPAÑOLES |
| 650 | 1 | 4 | _aPINTURA ESPAÑOLA |
| 999 |
_c6213 _d6213 |
||
| 260 |
_aMadrid : Caja de Madrid _c1988 |
||